[Event "TUR-chT 2nd League"]
[Site "Konya"]
[Date "2017.07.22"]
[Round "8.4"]
[White "Bori, Ekin Sukru"]
[Black "Cannesar, Rad"]
[Result "1/2-1/2"]
[WhiteElo "1597"]
[BlackElo "1979"]
[PlyCount "84"]
[EventDate "2017.07.17"]
[EventType "team-swiss"]
[EventRounds "9"]
[EventCountry "TUR"]
[SourceTitle "CBM 179 Extra"]
[Source "ChessBase"]
[SourceDate "2017.08.23"]
[SourceVersion "1"]
[SourceVersionDate "2017.08.23"]
[SourceQuality "1"]
[WhiteTeam "Eskiseh Tasci"]
[BlackTeam "Istanbul Moda"]
[WhiteTeamCountry "TUR"]
[BlackTeamCountry "TUR"]

1. d4 d5 2. c4 e6 3. Nc3 Nf6 4. Bg5 Nbd7 5. e3 Be7 6. Nf3 0-0 7. Bd3 c6 8. 0-0 dxc4 9. Bxc4 b5 10. Be2 Bb7 11. a3 a5 12. Qc2 Rc8 13. Rfd1 Nd5 14. Bxe7 Qxe7 15. Qd2 a4 16. Nxd5 exd5 17. Rac1 Nb6 18. Qa5 Nc4 19. Bxc4 Ra8 20. Qc3 bxc4 21. Re1 Qc7 22. e4 Bc8 23. Qc2 h6 24. Ne5 Bd7 25. Re3 Rfb8 26. Qd2 f6 27. Ng6 Be8 28. Nh4 Qa5 29. Qxa5 Rxa5 30. exd5 cxd5 31. Nf5 Kf8 32. Rce1 Bd7 33. Nxg7 Kxg7 34. Re7+ Kg6 35. Rxd7 Rxb2 36. g4 Kg5 37. h3 Rab5 38. Kg2 Ra2 39. Re3 Rb3 40. Rxd5+ Kg6 41. Re7 Rbb2 42. Rf5 c3 1/2-1/2

[Event "TUR-chT 2nd League"]
[Site "Konya"]
[Date "2017.07.17"]
[Round "1.1"]
[White "Karahan, Anil"]
[Black "Cannesar, Rad"]
[Result "1-0"]
[WhiteElo "1791"]
[BlackElo "1979"]
[PlyCount "47"]
[EventDate "2017.07.17"]
[EventType "team-swiss"]
[EventRounds "9"]
[EventCountry "TUR"]
[SourceTitle "CBM 179 Extra"]
[Source "ChessBase"]
[SourceDate "2017.08.23"]
[SourceVersion "1"]
[SourceVersionDate "2017.08.23"]
[SourceQuality "1"]
[WhiteTeam "Pamukkale Yonetimi"]
[BlackTeam "Istanbul Moda"]
[WhiteTeamCountry "TUR"]
[BlackTeamCountry "TUR"]

1. d4 d5 2. c4 e6 3. Nf3 Nf6 4. Nc3 Nbd7 5. Bg5 Be7 6. e3 0-0 7. Bd3 c6 8. 0-0 h6 9. Bh4 dxc4 10. Bxc4 Nb6 11. Bd3 Nbd5 12. Bg3 c5 13. e4 Nxc3 14. bxc3 b6 15. Qe2 Bb7 16. Rac1 Qc8 17. Rfe1 Rd8 18. a4 Bc6 19. Ne5 c4 20. Nxc6 Qxc6 21. Bxc4 Nxe4 22. Bxe6 Ba3 23. Bxf7+ Kxf7 24. Qa2+ 1-0

[Event "TUR-chT"]
[Site "Izmir"]
[Date "2016.08.03"]
[Round "10.3"]
[White "Cannesar, Rad"]
[Black "Ali Marandi, Cemil Can"]
[Result "0-1"]
[WhiteElo "1892"]
[BlackElo "2476"]
[PlyCount "68"]
[EventDate "2016.07.25"]
[EventType "team-swiss"]
[EventRounds "13"]
[EventCountry "TUR"]
[SourceTitle "CBM 173 Extra"]
[Source "ChessBase"]
[SourceDate "2016.08.29"]
[SourceVersion "1"]
[SourceVersionDate "2016.08.29"]
[SourceQuality "1"]
[WhiteTeam "Besiktas Jimnastik"]
[BlackTeam "Kayseri Seker"]
[WhiteTeamCountry "TUR"]
[BlackTeamCountry "TUR"]

1. e4 e6 2. d4 d5 3. Nd2 Be7 4. e5 c5 5. c3 Nc6 6. Bd3 cxd4 7. cxd4 Nh6 8. Ndf3 Nf5 9. Ne2 Qb6 10. 0-0 Bd7 11. Bxf5 exf5 12. Nc3 Be6 13. Qe2 h6 14. Rd1 g5 15. Qb5 Qxb5 16. Nxb5 Kd7 17. g3 Rac8 18. Ne1 a6 19. Nc3 b5 20. f4 g4 21. Be3 Na5 22. Nd3 Nc4 23. Bc1 h5 24. b3 Na3 25. Bb2 Nc2 26. Rac1 Nxd4 27. Nf2 Nf3+ 28. Kg2 d4 29. Ne2 Rxc1 30. Bxc1 Bd5 31. Bb2 Ke6 32. h3 Rc8 33. Kf1 Rc2 34. Bxd4 Nh2+ 0-1

[Event "SRB Central-ch op-A 9th"]
[Site "Paracin"]
[Date "2016.07.08"]
[Round "2"]
[White "Cabarkapa, Novak"]
[Black "Cannesar, Rad"]
[Result "1-0"]
[WhiteElo "2424"]
[BlackElo "1892"]
[PlyCount "59"]
[EventDate "2016.07.07"]
[EventType "swiss"]
[EventRounds "9"]
[EventCountry "SRB"]
[SourceTitle "CBM 173 Extra"]
[Source "ChessBase"]
[SourceDate "2016.08.29"]
[SourceVersion "1"]
[SourceVersionDate "2016.08.29"]
[SourceQuality "1"]

1. e4 c5 2. Nc3 g6 3. h4 h5 4. Nf3 Bg7 5. d4 cxd4 6. Nxd4 Nc6 7. Be3 Nf6 8. f3 0-0 9. Bc4 Qb6 10. Bb3 Nxe4 11. Nd5 Qa5+ 12. c3 Ng3 13. Rh3 Bxd4 14. Rxg3 Be5 15. Rg5 Qd8 16. f4 Bg7 17. f5 e6 18. f6 Bxf6 19. Nxf6+ Qxf6 20. Qxh5 Qh8 21. Qg4 Ne5 22. Qd4 f6 23. Rg3 Kf7 24. 0-0-0 d5 25. Rf1 f5 26. h5 gxh5 27. Rxf5+ exf5 28. Qxd5+ Ke8 29. Bg5 Bd7 30. Re3 1-0

[Event "EU-ch U12 23rd"]
[Site "Budva"]
[Date "2013.10.08"]
[Round "9"]
[White "Cannesar, Rad"]
[Black "Alexakis, Georgios"]
[Result "1-0"]
[WhiteElo "1811"]
[BlackElo "1724"]
[PlyCount "97"]
[EventDate "2013.09.29"]
[EventType "swiss"]
[EventRounds "9"]
[EventCountry "MNE"]
[SourceTitle "EXT 2014"]
[Source "ChessBase"]
[SourceDate "2013.11.20"]
[SourceVersion "1"]
[SourceVersionDate "2013.11.20"]
[SourceQuality "1"]

1. e4 c5 2. Nf3 Nc6 3. d4 cxd4 4. Nxd4 e5 5. Nb5 a6 6. Nd6+ Bxd6 7. Qxd6 Qf6 8. Qd1 Qg6 9. Nc3 d5 10. exd5 Nd4 11. Bd3 Qxg2 12. Be4 Qh3 13. Qd3 Qxd3 14. Bxd3 Bh3 15. Be3 0-0-0 16. 0-0-0 Bg4 17. Bxd4 exd4 18. Be2 Bxe2 19. Nxe2 Rxd5 20. Rxd4 Nf6 21. Rg1 Rxd4 22. Nxd4 g6 23. Re1 Re8 24. Rxe8+ Nxe8 25. Kd2 Nd6 26. Kd3 Kd7 27. c4 f5 28. b4 Nf7 29. f4 Kd6 30. a4 Nd8 31. h4 Nf7 32. Ne2 Nd8 33. c5+ Kc6 34. Kc4 Nf7 35. b5+ axb5+ 36. axb5+ Kd7 37. Kd5 h6 38. c6+ bxc6+ 39. bxc6+ Kc7 40. Nd4 Nd8 41. Nb5+ Kc8 42. Kc5 g5 43. hxg5 hxg5 44. fxg5 Ne6+ 45. Kd6 Nxg5 46. Na7+ Kb8 47. c7+ Kxa7 48. c8Q Ne4+ 49. Kc6 1-0

[Event "EU-ch U12 23rd"]
[Site "Budva"]
[Date "2013.10.06"]
[Round "7"]
[White "Veleshnja, Zino"]
[Black "Cannesar, Rad"]
[Result "1-0"]
[WhiteElo "1615"]
[BlackElo "1811"]
[PlyCount "63"]
[EventDate "2013.09.29"]
[EventType "swiss"]
[EventRounds "9"]
[EventCountry "MNE"]
[SourceTitle "EXT 2014"]
[Source "ChessBase"]
[SourceDate "2013.11.20"]
[SourceVersion "1"]
[SourceVersionDate "2013.11.20"]
[SourceQuality "1"]

1. d4 d5 2. c4 e6 3. cxd5 exd5 4. Nc3 Nf6 5. Bg5 Be7 6. e3 Nbd7 7. Bd3 c6 8. Qc2 0-0 9. Nf3 Re8 10. 0-0 Nf8 11. h3 g6 12. Rab1 Ne6 13. Bh6 Ng7 14. b4 Nf5 15. Bf4 Nh5 16. Bh2 Nhg7 17. b5 Bd6 18. Bxd6 Nxd6 19. bxc6 bxc6 20. Na4 Qc7 21. Rfc1 Bb7 22. Nc5 Rec8 23. Ne5 f6 24. Nxb7 fxe5 25. Ba6 Ndf5 26. Nc5 Re8 27. Bb7 Rad8 28. Na6 Qa5 29. Nb4 exd4 30. Nxc6 Qc7 31. Nxd8 Qxd8 32. Qd3 1-0

[Event "EU-ch U12 23rd"]
[Site "Budva"]
[Date "2013.10.01"]
[Round "3"]
[White "Cannesar, Rad"]
[Black "Galiana Fernandez, Adrian"]
[Result "1-0"]
[WhiteElo "1811"]
[BlackElo "1693"]
[PlyCount "93"]
[EventDate "2013.09.29"]
[EventType "swiss"]
[EventRounds "9"]
[EventCountry "MNE"]
[SourceTitle "EXT 2014"]
[Source "ChessBase"]
[SourceDate "2013.11.20"]
[SourceVersion "1"]
[SourceVersionDate "2013.11.20"]
[SourceQuality "1"]

1. e4 c5 2. Nf3 d6 3. d4 cxd4 4. Nxd4 Nf6 5. Nc3 e6 6. Bc4 Be7 7. Be3 0-0 8. 0-0 Nc6 9. Bb3 Bd7 10. Qe2 Nxd4 11. Bxd4 Bc6 12. Rad1 Qc7 13. f3 a6 14. Rd2 b5 15. a3 Rfd8 16. Bf2 Nd7 17. Bg3 Nc5 18. Rfd1 b4 19. axb4 Nxb3 20. cxb3 Qb6+ 21. Kh1 Qxb4 22. Qc4 Qxc4 23. bxc4 e5 24. b4 Rdb8 25. Rb1 Rb6 26. Bf2 Rb7 27. Ra2 Rbb8 28. h3 Kf8 29. Be1 Ke8 30. Nd5 Bxd5 31. cxd5 Kd7 32. Rba1 Rb6 33. Ra4 Kc7 34. Bf2 Rb5 35. Rc1+ Kd7 36. Rc6 Rab8 37. Raxa6 Rxb4 38. Bb6 Bd8 39. Ra7+ Ke8 40. Bxd8 Rxd8 41. Rcc7 f5 42. Re7+ Kf8 43. Rf7+ Kg8 44. Rxg7+ Kf8 45. Rxh7 Kg8 46. exf5 Rf4 47. Rhf7 1-0

[Event "EU-ch U12 23rd"]
[Site "Budva"]
[Date "2013.09.30"]
[Round "2"]
[White "Giannoulakis, Labros"]
[Black "Cannesar, Rad"]
[Result "1-0"]
[WhiteElo "1966"]
[BlackElo "1811"]
[PlyCount "49"]
[EventDate "2013.09.29"]
[EventType "swiss"]
[EventRounds "9"]
[EventCountry "MNE"]
[SourceTitle "EXT 2014"]
[Source "ChessBase"]
[SourceDate "2013.11.20"]
[SourceVersion "1"]
[SourceVersionDate "2013.11.20"]
[SourceQuality "1"]

1. d4 d5 2. Nf3 Nf6 3. Bf4 e6 4. e3 Nbd7 5. Bd3 Be7 6. h3 c5 7. c3 c4 8. Bc2 b5 9. a3 Bb7 10. Nbd2 a5 11. Ne5 Qb6 12. 0-0 0-0 13. Ndf3 Bc6 14. Qe2 Nxe5 15. Nxe5 b4 16. f3 Bb5 17. e4 Nh5 18. Bh2 f6 19. Ng4 e5 20. exd5 exd4 21. Qxe7 dxc3+ 22. Kh1 cxb2 23. Rab1 c3 24. Rfd1 Rfe8 25. Nh6+ 1-0

[Event "Troya op 21st"]
[Site "Canakkale"]
[Date "2013.08.23"]
[Round "8"]
[White "Cannesar, Rad"]
[Black "Buyukasik, Diyap"]
[Result "1-0"]
[WhiteElo "1817"]
[BlackElo "2071"]
[PlyCount "87"]
[EventDate "2013.08.17"]
[EventType "swiss"]
[EventRounds "9"]
[EventCountry "TUR"]
[SourceTitle "CBM 156 Extra"]
[Source "ChessBase"]
[SourceDate "2013.10.22"]
[SourceVersion "1"]
[SourceVersionDate "2013.10.22"]
[SourceQuality "1"]

1. e4 c5 2. Nf3 a6 3. c4 e6 4. d4 cxd4 5. Nxd4 Nf6 6. Bd3 Qc7 7. Be3 b6 8. a3 Bb7 9. Nc3 d6 10. 0-0 Nbd7 11. Rc1 Nc5 12. Qc2 Rc8 13. b3 Ng4 14. Bd2 d5 15. g3 Ne5 16. Be2 dxe4 17. Bf4 Bd6 18. Rcd1 Ncd3 19. Bxe5 Bxe5 20. Bxd3 exd3 21. Qxd3 0-0 22. Ne4 Rcd8 23. Qe3 g6 24. Rd2 Bg7 25. Rfd1 e5 26. Ne2 Rxd2 27. Rxd2 Qc6 28. N2c3 f5 29. Nd5 Kh8 30. Nec3 e4 31. Nxb6 g5 32. Ncd5 Qg6 33. Re2 h5 34. Ne7 Qh6 35. Qc5 Qf6 36. Nbd5 Qa1+ 37. Kg2 Kh7 38. Qb6 Bf6 39. Qxb7 h4 40. Nxf5+ Kg6 41. Nde7+ Kh5 42. g4+ Kxg4 43. Qxe4+ Kh5 44. h3 1-0

[Event "Wch U12"]
[Site "Maribor"]
[Date "2012.11.12"]
[Round "5.26"]
[White "Gazik, Viktor"]
[Black "Cannesar, Rad"]
[Result "1-0"]
[WhiteElo "2059"]
[BlackElo "1839"]
[PlyCount "61"]
[EventDate "2012.11.08"]
[EventType "swiss"]
[EventRounds "11"]
[EventCountry "SLO"]
[SourceTitle "EXT 2013"]
[Source "ChessBase"]
[SourceDate "2012.11.22"]
[SourceVersion "1"]
[SourceVersionDate "2012.11.22"]
[SourceQuality "1"]

1. e4 c5 2. Nf3 d6 3. d4 cxd4 4. Nxd4 Nf6 5. Nc3 a6 6. Be3 Ng4 7. Bc1 g6 8. f3 Nf6 9. Be3 Bg7 10. Qd2 Nc6 11. g4 0-0 12. 0-0-0 Nd7 13. h4 Nde5 14. Qg2 Na5 15. Nb3 Nec4 16. Bxc4 Nxc4 17. Bd4 h6 18. Bxg7 Kxg7 19. Qe2 b5 20. f4 Bb7 21. h5 e5 22. hxg6 fxg6 23. f5 g5 24. Nd5 Bxd5 25. Rxd5 Qb6 26. Nd2 Nxd2 27. Qxd2 Rf6 28. Rd1 Rd8 29. Rxe5 dxe5 30. Qxd8 Qxd8 31. Rxd8 1-0

[Event "EU-ch U12"]
[Site "Prague"]
[Date "2012.08.22"]
[Round "6"]
[White "Cannesar, Rad"]
[Black "Novy, Filip"]
[Result "1-0"]
[WhiteElo "1754"]
[BlackElo "1875"]
[PlyCount "53"]
[EventDate "2012.08.17"]
[EventType "swiss"]
[EventRounds "9"]
[EventCountry "CZE"]
[SourceTitle "CBM 150 Extra"]
[Source "ChessBase"]
[SourceDate "2012.10.19"]
[SourceVersion "1"]
[SourceVersionDate "2012.10.19"]
[SourceQuality "1"]

1. e4 c5 2. Nf3 e6 3. d4 cxd4 4. Nxd4 Nf6 5. Bd3 d6 6. Nc3 Be7 7. Be3 a6 8. f4 Qc7 9. Qe2 b5 10. g4 b4 11. Nd1 Bb7 12. Nf2 Nfd7 13. 0-0-0 Nc5 14. Kb1 Nbd7 15. g5 a5 16. Bd2 Qb6 17. Rhg1 Nxd3 18. Qxd3 e5 19. Nf5 Qxf2 20. Be3 Qf3 21. Nxe7 Ra6 22. Nf5 d5 23. exd5 0-0 24. Qb5 Bc8 25. Ne7+ Kh8 26. Nxc8 Rxc8 27. Qxa6 1-0

[Event "EU-ch U12"]
[Site "Prague"]
[Date "2012.08.19"]
[Round "3"]
[White "Goltsev, Dmitry"]
[Black "Cannesar, Rad"]
[Result "1/2-1/2"]
[WhiteElo "1916"]
[BlackElo "1754"]
[PlyCount "92"]
[EventDate "2012.08.17"]
[EventType "swiss"]
[EventRounds "9"]
[EventCountry "CZE"]
[SourceTitle "CBM 150 Extra"]
[Source "ChessBase"]
[SourceDate "2012.10.19"]
[SourceVersion "1"]
[SourceVersionDate "2012.10.19"]
[SourceQuality "1"]

1. e4 c5 2. Nf3 d6 3. d4 cxd4 4. Nxd4 Nf6 5. f3 a6 6. c4 Nc6 7. Nc3 Bd7 8. Be3 g6 9. Nd5 Nxd5 10. cxd5 Nxd4 11. Bxd4 f6 12. Be2 Bg7 13. 0-0 0-0 14. Rc1 Bh6 15. f4 Rc8 16. Qd2 b5 17. Rxc8 Qxc8 18. Rc1 Qb7 19. g3 Rc8 20. Rc3 Kf7 21. Qc2 Bg7 22. Bf3 Rxc3 23. Qxc3 Qc8 24. Kf2 Qxc3 25. Bxc3 e6 26. Ke3 exd5 27. exd5 f5 28. Bxg7 Kxg7 29. Kd4 a5 30. Be2 Kf7 31. a4 bxa4 32. Ba6 Ke7 33. Kc4 a3 34. bxa3 Ba4 35. Bb7 Kd7 36. Ba6 Ke7 37. h3 h6 38. h4 h5 39. Bc8 Be8 40. Bb7 Ba4 41. Bc6 Bd1 42. a4 Be2+ 43. Kc3 Kd8 44. Bb5 Bxb5 45. axb5 Kc7 46. Kb3 Kb7 1/2-1/2